000 01261aam a2200313 i 4500
999 _c44898
_d44898
001 768714001
003 CO-MdFUSB
005 20190716160244.0
008 190530b1984 spa |||| |||| 00| 0 spa d
020 _a8472289257
040 _aCO-MdFUSB
_bspa
_cCO-MdFUSB
_dCO-MdFUSBC
_erda
041 _aspa
082 _225
_a252
_bSP772ser
100 1 _aSpurgeon, C. H. (Charles Haddon) (1834
_eautor
245 1 0 _aDoce Sermones :
_bevangélicos
_c/ Charles H. Spurgeon
246 _a12 sermones sobre la resurrección
264 1 _aTerrassa :
_bClie,
_c[1984]
264 4 _c© 1984
300 _a205 páginas
_c; 20 cm
336 _atexto
_btxt
_2rdacontent
337 _2rdamedia
_asin mediación
_bn
338 _2rdacarrier
_avolumen
_bnc
490 _aClásicos evangélicos
505 0 _aEl proceso de salvación. -- La voz de la sangre. -- Jesucristo no puede ser burlado. -- Negociaciones de paz. -- El jardín de Dios. -- El cántico de los ángeles. -- Del estercolero al trono. -- Revestirse de Cristo. -- Necesidad del progreso en el ministerio. -- Nuestro manifiesto. -- Un descanso para los cansados. -- Un gran evangelio para grandes pescadores.
563 _aRústico
650 1 7 _aSermones
_9283
942 _cBK
945 _aJTF-925
_bAEM-53